00751nam a2200193 a 450000100100000000500170001000800410002702000150006804000250008308200160010810000280012424500840015226000750023630000260031150400740033704900090041195201200042099900170054000002277120200930021804.0101117s1980 sp r 000 e spa d a8449914353 aDO-SdBNPbspacBNPHU annnnbR165i1 aRama, Carlos M.,94678513aLa independencia de las Antillas y Ramón Emeterio Betances /cCarlos M. Rama. aSan Juan, Puerto Rico :bInstituto de Cultura Puertorriqueña,c1980. a153, [1] p. ;c24 cm. aIncluye referencias bibliográficas y notas al pie de las páginas. aBNGR 001052708MOaGRbGRcCTd2010-11-17iLF1l0onnnn R165ip22771-10r2020-06-25w2020-06-25y2ZPréstamo interno c22268d22268